Sacred spaces : (Record no. 354116)
[ view plain ]
| 000 -LEADER | |
|---|---|
| fixed length control field | 02957cam a22003255i 4500 |
| 001 - CONTROL NUMBER | |
| control field | 18759405 |
| 003 - CONTROL NUMBER IDENTIFIER | |
| control field | OSt |
| 005 - DATE AND TIME OF LATEST TRANSACTION | |
| control field | 20180116192431.0 |
| 008 - FIXED-LENGTH DATA ELEMENTS--GENERAL INFORMATION | |
| fixed length control field | 150825s2015 nyuae b 000 0 eng d |
| 010 ## - LIBRARY OF CONGRESS CONTROL NUMBER | |
| LC control number | 2015472140 |
| 020 ## - INTERNATIONAL STANDARD BOOK NUMBER | |
| International Standard Book Number | 9780714868950 (hardback) |
| 020 ## - INTERNATIONAL STANDARD BOOK NUMBER | |
| International Standard Book Number | 0714868957 (hardback) |
| 035 ## - SYSTEM CONTROL NUMBER | |
| System control number | (OCoLC)ocn908200393 |
| 040 ## - CATALOGING SOURCE | |
| Original cataloging agency | IMF |
| Language of cataloging | eng |
| Description conventions | rda |
| Transcribing agency | IMF |
| Modifying agency | YDXCP |
| -- | BTCTA |
| -- | BDX |
| -- | ERASA |
| -- | CDX |
| -- | IMD |
| -- | GZN |
| -- | LNT |
| -- | VZQ |
| -- | DLC |
| 042 ## - AUTHENTICATION CODE | |
| Authentication code | lccopycat |
| 050 00 - LIBRARY OF CONGRESS CALL NUMBER | |
| Classification number | NA4600 |
| Item number | .P35 2015 |
| 082 00 - DEWEY DECIMAL CLASSIFICATION NUMBER | |
| Classification number | 726.09051 |
| Edition number | 23 |
| 100 1# - MAIN ENTRY--PERSONAL NAME | |
| Personal name | Pallister, James, |
| Relator term | author. |
| 9 (RLIN) | 8236 |
| 245 10 - TITLE STATEMENT | |
| Title | Sacred spaces : |
| Remainder of title | contemporary religious architecture / |
| Statement of responsibility, etc. | James Pallister. |
| 260 ## - PUBLICATION, DISTRIBUTION, ETC. | |
| Place of publication, distribution, etc. | london. |
| Name of publisher, distributor, etc. | phaidon: |
| Date of publication, distribution, etc. | 2015. |
| 300 ## - PHYSICAL DESCRIPTION | |
| Extent | 239 pages : |
| Other physical details | illustrations (chiefly color), plans ; |
| Dimensions | 30 cm |
| 504 ## - BIBLIOGRAPHY, ETC. NOTE | |
| Bibliography, etc. note | Includes bibliographical references (page 234) and index. |
| 505 0# - FORMATTED CONTENTS NOTE | |
| Formatted contents note | Congregation. Cardboard Cathedral : Shigeru Ban -- Kärsämäki Shingle Church : Office for Peripheral Architecture -- Wooden church : Beton -- De La Piedra Chapel : Nómena Arquitectos + Ximena Alvarez -- Church of Seed : O Studio Architects -- Shrine of the Virgin of La Antigua : Otxotorena Arquitectos -- Clarity. Meiso No Mori Municipal Funeral Hall : Toyo Ito & Associates, architects -- Chandgaon Mosque : Kashef Chowdhury, URBANA -- St Moritz Church : John Pawson -- White Chapel : Jun Aoki & Associates -- Buddhist Meditation Centre Metta Vihara : bureau SLA -- Church of Water and Light : Itami Jun Architects -- Mass. Jewish Community Centre, Synagogue and Museum : Wandel Hoefer Lorch Architekten -- Beth Sholom Synagogue : Stanley Saitowitz, Natoma Architects -- Rituals Crematorium : +udeb arquitectos -- Dutch Reformed Church : Claus van Wageningen Architecten -- Brother Kalus Field Chapel : Peter Zumthor -- LJG Synagogue : SeARCH -- Reflection. Prayer and Meditation Pavilion : studio tamassociati -- Islamic Cemetery : Bernardo Bader Architekten -- Gubbio Cemetery : Andrea Dragoni Architetto + Francesco Pes -- Water-Moon Monastery : Kris Yao, Artech -- Ingelheim Funeral Chapel : Bayer & Strobel Architekten -- Creamatorium for GKD Charity Trust : Mancini Enterprises -- Revelation. Sunset Chapel : BNKR Arquitectura -- Pope John Paul II Hall : Randić Turato -- Chushin-Ji Temple priest's quarters : Katsuhiro Miyamoto & Associates -- Pilgrim route shelters : Luis Aldrete -- Capilla Del Retiro : Undurraga Devés Arquitectos -- Kuokkala Church : Office for Peripheral Architecture. |
| 520 ## - SUMMARY, ETC. | |
| Summary, etc. | Sacred Spaces showcases 30 of the most breathtaking, innovative, iconic and undiscovered examples of contemporary religious architecture, including work by well known architects alongside emerging designers.-- |
| 650 #0 - SUBJECT ADDED ENTRY--TOPICAL TERM | |
| Topical term or geographic name entry element | Religious architecture. |
| 9 (RLIN) | 8237 |
| 650 #0 - SUBJECT ADDED ENTRY--TOPICAL TERM | |
| Topical term or geographic name entry element | Architecture, Modern |
| Chronological subdivision | 21st century. |
| 9 (RLIN) | 8238 |
| 906 ## - LOCAL DATA ELEMENT F, LDF (RLIN) | |
| a | 7 |
| b | cbc |
| c | copycat |
| d | 2 |
| e | ncip |
| f | 20 |
| g | y-gencatlg |
| 942 ## - ADDED ENTRY ELEMENTS (KOHA) | |
| Source of classification or shelving scheme | |
| Koha item type | Book |
| Withdrawn status | Lost status | Source of classification or shelving scheme | Damaged status | Not for loan | Permanent Location | Current Location | Date acquired | Total Checkouts | Full call number | Barcode | Date last seen | Date last checked out | Cost, replacement price | Price effective from | Koha item type |
|---|---|---|---|---|---|---|---|---|---|---|---|---|---|---|---|
| School of Art Design and Architecture (SADA) | School of Art Design and Architecture (SADA) | 03/31/2016 | 1 | 726.09051 PAL 2015 | SADA0002522 | 06/30/2016 | 06/21/2016 | 4839.70 | 04/04/2016 | Book |
